000 00817nac a22003130a 4500
001 UByD001752
003 AR-LpoUNG
005 20230726233710.0
008 230726s2008||||ag |||||||||||||||||spa d
020 _a9789597320989
040 _aAR-LpoUNG
_bspa
_eaacr
041 _aspa
044 _aag
082 0 _a808.068 3 673v2
100 1 _aLewis, C. S.
245 1 3 _aEl león, la bruja y el armario
250 _a1ra ed.
260 _aBuenos Aires :
_bDestino,
_c2008.
300 _a240p. :
_bil.
490 0 _aLas crónicas de Narnia
505 0 _aSugerido a partir de 14 años (etiqueta VERDE)
650 4 _aLITERATURA
650 4 _aNOVELAS
653 _aLITERATURA INFANTOJUVENIL
700 1 _aBaynes, Pauline
_eil.
700 1 _aGallart, Gemma
_etr.
905 _a53484
942 _cLIB
_2ddc
999 _c64265
_d64265